000 00702nam a22002297a 4500
003 UA-OsUOA
001 118646
007 ta
008 20160912b un ||||| |||| 00| 0 ukr d
100 _aДубніцький В.І.
700 _aФедулова С.О.
090 _a330(477)
_bД79
942 _cSA
040 _aUA-OsUOA
_bukr
_cUA-OsUOA
_dUA-OsUOA
245 _aПередумови трансформаційних процесів у регіонах України
300 _aС.34-44
955 _a0
041 _aukr
080 _a330(477)
773 0 _w118645
_tРегіональна економіка
_dЛьвів
_d2016
_g2
650 7 _a330 Економіка взагалі
_2UDC
999 _c404736
_d404736